| 000 | 00978nam a2200277 a 4500 | ||
|---|---|---|---|
| 001 | 015843294 | ||
| 003 | OSt | ||
| 008 | 110624s2011 xxka frb 001 0 eng d | ||
| 020 | _a9780273726135 | ||
| 020 | _a0273726137 | ||
| 040 | _aEG-ScBUE | ||
| 082 | 0 | 0 |
_a658.421 _222 _bENT |
| 245 | 0 | 0 |
_aEntrepreneurship : _bperspectives and cases / _cedited by Paul Westhead, Mike Wright and Gerard McElwee. |
| 250 | _a1st ed. | ||
| 260 |
_aHarlow, United Kingdom : _bPearson Education Limited, _c2011 _e([Gosport, United Kingdom] : _fAshford Colour Press Ltd.) |
||
| 300 |
_axxv, 454 p. : _bill. ; _c25 cm. |
||
| 500 | _aIndex : p. 441-454. | ||
| 504 | _aBibliography : p. 417-439. | ||
| 650 | 0 |
_aEntrepreneurship _9240 |
|
| 653 |
_bBUSADM _cOctober2013 _cSeptember2014 |
||
| 655 |
_vtext book _933728 |
||
| 700 | 1 |
_aWesthead, Paul, _d1962- _934208 _eeditor. |
|
| 700 | 1 |
_aWright, Mike. _d1952- _92236 _eeditor. |
|
| 700 | 1 |
_aMcElwee, Gerard _934209 _eeditor. |
|
| 942 |
_2ddc _cBB _k658.421 ENT |
||
| 999 |
_c17678 _d17650 |
||